| 000 | 01073nam a2200301 i 4500 | ||
|---|---|---|---|
| 001 | bg | ||
| 003 | KOSZ 005 | ||
| 005 | 20220614144010.0 | ||
| 008 | 071009s1968 pl a f 001 0 pol | ||
| 015 | _aPB 1968/8601 | ||
| 040 |
_aWA N _cKOSZ 005/RW _dKOSZ 005/RW |
||
| 041 | 1 |
_apol _heng |
|
| 080 | _a547:541 | ||
| 100 | 1 | _aHallas, Geoffrey. | |
| 245 | 1 | 0 |
_aStereochemia związków organicznych / _cG. Hallas ; tł. Jarosław Böhm i Wacław Zamłyński. |
| 246 | 1 |
_iTyt. oryg.: _aOrganic stereochemistry. |
|
| 260 |
_aWarszawa : _bPaństwowe Wydawnictwo Naukowe, _c1968. |
||
| 300 |
_a279, [1] s. : _bil., err ; _c23 cm. |
||
| 380 | _aKsiążki. | ||
| 504 | _aBibliogr. przy rozdz. Indeks. | ||
| 650 | 4 | _aZwiązki organiczne | |
| 650 | 4 | _aStereochemia | |
| 700 | 1 |
_aBöhm, Jarosław _d(1906- ). _eTł. |
|
| 700 | 1 |
_aZamłyński, Wacław. _eTł. |
|
| 710 | 2 |
_aPaństwowe Wydawnictwo Naukowe _4pbl. |
|
| 856 |
_uhttp://koha.tu.koszalin.pl/cgi-bin/koha/opac-detail.pl?biblionumber=11234 _yKatalog online BPK |
||
| 942 |
_2UKD _cKS |
||
| 999 |
_c11234 _d11234 |
||